[Event "SC Mülheim 1 - DJK Wacker Bergeborbeck"]
[Site "Verbandsklasse - Gruppe 1 201"]
[Date "2018.09.23"]
[Round "1.3"]
[White "Mombeck, Michael"]
[Black "Riese, Manfred"]
[Result "1/2-1/2"]
[WhiteElo "1983"]
[BlackElo "1827"]
[Annotator "Daniel"]
[PlyCount "63"]
[EventDate "2018.??.??"]

1. e4 d6 2. Nf3 Bg4 3. d4 Nd7 4. h3 Bxf3 5. Qxf3 c6 6. Bc4 e6 7. O-O Ngf6 8.
Re1 Qc7 9. Bf4 e5 10. dxe5 dxe5 11. Bg5 Bc5 12. c3 b5 13. Bf1 a5 14. a4 Rb8 15.
axb5 cxb5 16. Na3 Bxa3 17. Rxa3 b4 18. cxb4 axb4 19. Raa1 O-O 20. Rac1 Qb7 21.
b3 h6 22. Bh4 Rbc8 23. Rc4 Rxc4 24. Bxc4 Qb6 25. Rd1 Nc5 26. Bxf6 Qxf6 27. Qe3
Qe7 28. Rd5 Rc8 29. Qe1 Rb8 $11 30. Qe3 Rc8 31. f3 Kh7 32. Qd2 1/2-1/2

[Event "SC Mülheim 1 - DJK Wacker Bergeborbeck"]
[Site "Verbandsklasse - Gruppe 1 201"]
[Date "2018.09.23"]
[Round "1.4"]
[White "Straenger, Petra"]
[Black "Brandhorst, Dieter"]
[Result "1/2-1/2"]
[WhiteElo "1814"]
[BlackElo "1893"]
[PlyCount "86"]
[EventDate "2018.??.??"]

1. d4 c5 2. dxc5 Qa5+ 3. Bd2 Qxc5 4. Nf3 Nf6 5. e3 Nc6 6. Be2 d5 7. O-O e5 8.
Bc3 Bd6 9. a3 a5 10. b4 Qb6 11. b5 Ne7 12. Nxe5 O-O 13. Bd4 Qc7 14. b6 Qb8 15.
f4 Nc6 16. Nxc6 bxc6 17. Bxf6 gxf6 18. Qd4 Be7 19. Rf3 Qd6 20. Rg3+ Kh8 21. Bd3
c5 22. b7 Bxb7 23. Qc3 Rg8 24. Qe1 Rxg3 25. Qxg3 Rg8 26. Qh3 Rg7 27. Nd2 c4 28.
Bf5 c3 29. Nf3 d4 30. Rd1 Qxa3 31. exd4 Qd6 32. Bc8 Bd5 33. Re1 Bxf3 34. Qxf3
Qxd4+ 35. Kh1 Qd2 36. Qe2 Bc5 37. Bf5 Rg8 38. Bd3 Qxf4 39. Qh5 f5 40. Bxf5 Kg7
41. Bd3 Bf2 42. Rf1 Re8 43. Qxa5 Qd2 1/2-1/2

[Event "SC Mülheim 1 - DJK Wacker Bergeborbeck"]
[Site "Verbandsklasse - Gruppe 1 201"]
[Date "2018.09.23"]
[Round "1.5"]
[White "Schaedlich, Andreas"]
[Black "Riek, Wolfgang"]
[Result "1-0"]
[WhiteElo "1881"]
[BlackElo "1786"]
[PlyCount "51"]
[EventDate "2018.??.??"]

1. e4 e5 2. Bc4 Nf6 3. d3 Be7 4. Nf3 d6 5. c3 Nbd7 6. O-O O-O 7. Nbd2 Nc5 8. b4
Ne6 9. Re1 Bd7 10. Nf1 b5 11. Bb3 a5 12. bxa5 Rxa5 13. Ng3 Nc5 14. Bc2 Be6 15.
d4 Ncd7 16. d5 Bg4 17. h3 Bxf3 18. Qxf3 g6 19. Qe2 Qa8 20. Bd3 Qb7 21. Be3 c6
22. dxc6 Qxc6 23. Reb1 Rb8 24. Bd2 d5 25. exd5 Qxd5 26. c4 1-0

[Event "SC Mülheim 1 - DJK Wacker Bergeborbeck"]
[Site "Verbandsklasse - Gruppe 1 201"]
[Date "2018.09.23"]
[Round "1.6"]
[White "Meyer, Friedel"]
[Black "Alinsug, Salvadore"]
[Result "0-1"]
[WhiteElo "1765"]
[BlackElo "1711"]
[PlyCount "92"]
[EventDate "2018.??.??"]

1. c4 Nf6 2. Nc3 g6 3. g3 Bg7 4. Bg2 O-O 5. d3 c6 6. e4 d6 7. Nge2 Nbd7 8. O-O
Ne5 9. h3 Nh5 10. f4 Nd7 11. Kh2 Nc5 12. Be3 Na6 13. Nd4 e5 14. Nde2 exf4 15.
Nxf4 Nxf4 16. Bxf4 Nc7 17. Qd2 Ne6 18. Be3 Nc7 19. Rf2 Be6 20. Raf1 d5 21. cxd5
cxd5 22. exd5 Nxd5 23. Bc5 Re8 24. Ne4 Qc7 25. Ba3 Rad8 26. Rc1 Qe5 27. Re1 Qc7
28. d4 Nb6 29. Bc5 Nd5 30. Nc3 Nxc3 31. bxc3 b6 32. Ba3 Rc8 33. Bb2 Bxa2 34.
Rxe8+ Rxe8 35. Re2 Rd8 36. Qe3 h5 37. h4 Bf6 38. Kg1 Bc4 39. Rf2 Bg7 40. Ba3
Be6 41. d5 Bxd5 42. Bxd5 Rxd5 43. Qe8+ Kh7 44. Rxf7 Qxg3+ 45. Kf1 Rd1+ 46. Ke2
Re1+ 0-1

[Event "SC Mülheim 1 - DJK Wacker Bergeborbeck"]
[Site "Verbandsklasse - Gruppe 1 201"]
[Date "2018.09.23"]
[Round "1.7"]
[White "Grimke, Michael"]
[Black "Wisotzky, Klaus"]
[Result "1/2-1/2"]
[WhiteElo "1705"]
[BlackElo "1638"]
[PlyCount "53"]
[EventDate "2018.??.??"]

1. d4 d5 2. e4 e6 3. Nc3 Nf6 4. e5 Nfd7 5. Nf3 c5 6. Be3 cxd4 7. Bxd4 Nc6 8.
Be2 Nxd4 9. Qxd4 a6 10. O-O Qb6 11. Qf4 Be7 12. Ng5 Bxg5 13. Qxg5 O-O 14. Rab1
Qd4 15. Rbd1 Qxe5 16. Qxe5 Nxe5 17. f4 Nc6 18. a3 b5 19. f5 Ne7 20. fxe6 Bxe6
21. Bf3 Rac8 22. Rd2 g6 23. Bxd5 Nxd5 24. Nxd5 Bxd5 25. Rxd5 Rxc2 26. Rf2 Rc1+
27. Rf1 1/2-1/2

[Event "SC Mülheim 1 - DJK Wacker Bergeborbeck"]
[Site "Verbandsklasse - Gruppe 1 201"]
[Date "2018.09.23"]
[Round "1.8"]
[White "Otto, Michael"]
[Black "Goertz, Hans"]
[Result "0-1"]
[WhiteElo "1701"]
[BlackElo "1791"]
[PlyCount "106"]
[EventDate "2018.??.??"]

1. e4 c5 2. Nf3 Nc6 3. d4 cxd4 4. Nxd4 d6 5. Nc3 Nf6 6. Be2 g6 7. Be3 Bg7 8. f3
O-O 9. Qd2 a6 10. O-O-O Nxd4 11. Bxd4 b5 12. h4 Nh5 13. Bxg7 Kxg7 14. Qd4+ Kg8
15. Qf2 b4 16. Nd5 Rb8 17. g4 Nf6 18. Nxf6+ exf6 19. Qd4 a5 20. Qxd6 Qxd6 21.
Rxd6 a4 22. Bc4 Kg7 23. Rhd1 Re8 24. Rd8 Kf8 25. Rxe8+ Kxe8 26. Rd4 Ke7 27. Kd2
Bd7 28. Bxf7 Bxg4 29. fxg4 Kxf7 30. c3 bxc3+ 31. Kxc3 Ra8 32. b4 axb3 33. axb3
Ke6 34. Rd5 Ra1 35. b4 Rc1+ 36. Kb3 Re1 37. Rd4 Ke5 38. Rc4 Kf4 39. b5 Kxg4 40.
Kb4 Kxh4 41. Kc5 g5 42. e5+ g4 43. exf6 Rf1 44. b6 Rxf6 45. b7 Rf8 46. Kd6 Rb8
47. Rc7 h5 48. Ke5 g3 49. Rg7 Kh3 50. Kf4 g2 51. Kf3 Rf8+ 52. Ke2 h4 53. Rf7
Rb8 0-1

[Event "FS Dortmund 1 - SK Germania Kupferdreh "]
[Site "Verbandsklasse - Gruppe 2 201"]
[Date "2018.09.23"]
[Round "1.1"]
[White "Unteregge, Michael"]
[Black "Reichmann, Oleg"]
[Result "1-0"]
[WhiteElo "2018"]
[BlackElo "2024"]
[PlyCount "86"]
[EventDate "2018.??.??"]

1. Nf3 d5 2. d4 Nf6 3. c4 g6 4. cxd5 Bg7 5. g3 O-O 6. Bg2 Nxd5 7. O-O Nc6 8.
Nc3 Nb6 9. d5 Ne5 10. Qc2 Bf5 11. e4 Nxf3+ 12. Bxf3 Bd7 13. Re1 e5 14. b3 Qf6
15. Be2 c6 16. Be3 cxd5 17. exd5 Rac8 18. Qd2 Qd6 19. Rad1 f5 20. Nb5 Bxb5 21.
Bxb5 Kh8 22. Qa5 f4 23. Bc1 fxg3 24. hxg3 Rc2 25. Re2 Rc5 26. Ba3 Rxb5 27. Bxd6
Rxa5 28. Bxf8 Bxf8 29. d6 Rb5 30. Rc2 Kg7 31. d7 Nxd7 32. Rxd7+ Kf6 33. Rcc7
Bc5 34. Rxb7 Bb6 35. Rxh7 Ra5 36. a4 Kg5 37. Kg2 Bd4 38. Rbf7 Bb6 39. Kh3 e4
40. Rh4 Re5 41. Rg4+ Kh6 42. Rf6 e3 43. fxe3 Rxe3 1-0

[Event "FS Dortmund 1 - SK Germania Kupferdreh "]
[Site "Verbandsklasse - Gruppe 2 201"]
[Date "2018.09.23"]
[Round "1.2"]
[White "Hein, Erwin"]
[Black "Krimphoff, Ingo"]
[Result "1/2-1/2"]
[WhiteElo "2001"]
[BlackElo "1930"]
[PlyCount "71"]
[EventDate "2018.??.??"]

1. d4 d5 2. Nf3 c6 3. c4 Nf6 4. Nc3 dxc4 5. a4 Bf5 6. e3 e6 7. Bxc4 Bb4 8. O-O
O-O 9. Qb3 Qe7 10. Ne5 a5 11. Bd3 Na6 12. Qc2 Bxd3 13. Qxd3 Bd6 14. Nc4 Nb4 15.
Qe2 Bc7 16. e4 e5 17. Be3 exd4 18. Bxd4 Rfe8 19. Rfe1 Rad8 20. Rad1 Qe6 21.
Bxf6 Qxf6 22. g3 Qe6 23. Ne3 Bb6 24. Nc4 Bc7 25. Kg2 Nc2 26. Qxc2 Qxc4 27. Re2
Be5 28. Rxd8 Rxd8 29. Rd2 Rxd2 30. Qxd2 h6 31. Qd8+ Kh7 32. Qxa5 Bxc3 33. bxc3
Qxe4+ 34. Kg1 Qe1+ 35. Kg2 Qe4+ 36. Kg1 1/2-1/2

[Event "FS Dortmund 1 - SK Germania Kupferdreh "]
[Site "Verbandsklasse - Gruppe 2 201"]
[Date "2018.09.23"]
[Round "1.3"]
[White "Prämaßing, Reiner"]
[Black "Khess, Igor"]
[Result "1-0"]
[WhiteElo "1834"]
[BlackElo "1959"]
[PlyCount "51"]
[EventDate "2018.??.??"]

1. e4 e5 2. Nf3 Nc6 3. Bb5 a6 4. Ba4 Nf6 5. O-O b5 6. Bb3 Bd6 7. d4 O-O 8. Re1
Re8 9. Ng5 Re7 10. c3 h6 11. Nxf7 Rxf7 12. f4 exd4 13. e5 Bc5 14. exf6 d5 15.
Qh5 dxc3+ 16. Kh1 Nb4 17. Nxc3 c6 18. Be3 Bf8 19. a3 Nd3 20. Nxd5 cxd5 21. Bxd5
Qxf6 22. Bd4 Qxd4 23. Qxf7+ Kh7 24. Be4+ Bf5 25. Qxf5+ Kg8 26. Qd5+ 1-0

[Event "FS Dortmund 1 - SK Germania Kupferdreh "]
[Site "Verbandsklasse - Gruppe 2 201"]
[Date "2018.09.23"]
[Round "1.4"]
[White "Mewes, Karsten"]
[Black "Zagrabski, Kevin"]
[Result "1/2-1/2"]
[WhiteElo "1939"]
[BlackElo "1871"]
[PlyCount "49"]
[EventDate "2018.??.??"]

1. Nf3 d5 2. c4 c6 3. b3 Nf6 4. Bb2 Bf5 5. g3 e6 6. Bg2 Nbd7 7. O-O Bd6 8. d3
O-O 9. Nbd2 h6 10. a3 Qe7 11. Re1 e5 12. e4 dxe4 13. dxe4 Bh7 14. b4 a5 15. c5
Bc7 16. Qc2 axb4 17. axb4 Rxa1 18. Rxa1 Rc8 19. Bh3 g5 20. Bf5 Bxf5 21. exf5 b6
22. cxb6 Bxb6 23. Nc4 Bc7 24. b5 Qc5 25. bxc6 {(=)} 1/2-1/2

[Event "FS Dortmund 1 - SK Germania Kupferdreh "]
[Site "Verbandsklasse - Gruppe 2 201"]
[Date "2018.09.23"]
[Round "1.5"]
[White "Bauriedel, Friedrich"]
[Black "Brendemühl, Bernd"]
[Result "1/2-1/2"]
[WhiteElo "1838"]
[BlackElo "1886"]
[PlyCount "81"]
[EventDate "2018.??.??"]

1. d4 d5 2. e3 Nf6 3. Bd3 g6 4. Nd2 Bg7 5. f4 O-O 6. Ngf3 c5 7. c3 Ng4 8. Qe2
f5 9. b3 Nc6 10. O-O Bd7 11. Ba3 cxd4 12. exd4 Re8 13. Bb2 e6 14. h3 Nf6 15.
Ne5 Nxe5 16. dxe5 Ne4 17. Bxe4 fxe4 18. Kh2 b5 19. Rfc1 Qb6 20. Ba3 a5 21. Bd6
a4 22. bxa4 Rxa4 23. Nb3 Rc8 24. Rc2 Rac4 25. Rac1 Bf8 26. Bxf8 Rxf8 27. g3
Rfc8 28. h4 Qc7 29. Nd2 Ra4 30. Nb1 Qc4 31. Qf2 Qc5 32. Qe2 Qa7 33. h5 Kg7 34.
g4 Ra8 35. a3 Rc8 36. Kg3 Rac4 37. hxg6 hxg6 38. Rh1 Be8 39. g5 Bf7 40. Kg4 Bg8
41. Re1 1/2-1/2

[Event "FS Dortmund 1 - SK Germania Kupferdreh "]
[Site "Verbandsklasse - Gruppe 2 201"]
[Date "2018.09.23"]
[Round "1.6"]
[White "Lauche, Christoph"]
[Black "Degner, Friedhelm"]
[Result "1-0"]
[WhiteElo "1834"]
[BlackElo "1794"]
[PlyCount "63"]
[EventDate "2018.??.??"]

1. e4 e5 2. Bb5 Nf6 3. d4 exd4 4. e5 Bb4+ 5. c3 Qe7 6. cxb4 Qxb4+ 7. Qd2 Qxb5
8. exf6 Kd8 9. Qxd4 Nc6 10. Qc3 Nb4 11. fxg7 Re8+ 12. Be3 Nd5 13. Na3 Nxc3 14.
Nxb5 Nxb5 15. O-O-O Rg8 16. Bg5+ f6 17. Bxf6+ Ke8 18. g4 Kf7 19. g5 a6 20. Nf3
d6 21. Rde1 Be6 22. a4 Na7 23. Nd4 Rae8 24. Rxe6 Rxe6 25. Nxe6 Kxe6 26. Re1+
Kf5 27. Re7 Kg6 28. Rxc7 Nc6 29. Rxb7 Ne5 30. Rb6 Rc8+ 31. Kd1 Nc6 32. Rxc6 1-0

[Event "FS Dortmund 1 - SK Germania Kupferdreh "]
[Site "Verbandsklasse - Gruppe 2 201"]
[Date "2018.09.23"]
[Round "1.7"]
[White "Tiefenhoff, Christian"]
[Black "Grube, Jörg"]
[Result "1-0"]
[WhiteElo "1971"]
[BlackElo "1822"]
[PlyCount "113"]
[EventDate "2018.??.??"]

1. d4 g6 2. Nf3 d6 3. c3 Nf6 4. Bg5 Bg7 5. Nbd2 h6 6. Bh4 g5 7. Bg3 Nh5 8. e3
Bf5 9. Bc4 d5 10. Bb3 c6 11. Bxb8 Qxb8 12. Nh4 gxh4 13. Qxh5 Qc8 14. Qxh4 Qe6
15. Qg3 O-O 16. O-O Kh8 17. Rfe1 Qd7 18. e4 Bh7 19. exd5 cxd5 20. Nf3 e6 21.
Qh4 Qd8 22. Qxd8 Rfxd8 23. Ne5 Kg8 24. Bd1 f6 25. Ng4 Rd6 26. Re2 Bg6 27. Ne3
b5 28. a3 a5 29. f4 Be4 30. g4 Rb8 31. f5 e5 32. dxe5 fxe5 33. h4 d4 34. cxd4
exd4 35. Ng2 Ba8 36. Bb3+ Kf8 37. Nf4 a4 38. Ne6+ Kg8 39. Ba2 Bd5 40. Bxd5 Rxd5
41. Nxg7 Kxg7 42. Re7+ Kf6 43. Rae1 Rb6 44. R1e6+ Rxe6 45. Rxe6+ Kg7 46. Rg6+
Kf7 47. Kf2 h5 48. Ke2 hxg4 49. Rxg4 d3+ 50. Kd2 Rxf5 51. Kxd3 Rf3+ 52. Kc2
Rf2+ 53. Kb1 Rf1+ 54. Ka2 Rf5 55. Rg5 Rxg5 56. hxg5 Kg6 57. Kb1 1-0

[Event "FS Dortmund 1 - SK Germania Kupferdreh "]
[Site "Verbandsklasse - Gruppe 2 201"]
[Date "2018.09.23"]
[Round "1.8"]
[White "Jost, Udo"]
[Black "Schäfer, Johannes"]
[Result "1/2-1/2"]
[WhiteElo "1753"]
[BlackElo "1667"]
[PlyCount "95"]
[EventDate "2018.??.??"]

1. c4 g6 2. Nc3 Bg7 3. d4 d6 4. g3 Nf6 5. Bg2 O-O 6. Nf3 c6 7. e4 e5 8. O-O Qe7
9. h3 h6 10. Be3 Nbd7 11. Qd2 Kh7 12. Nh4 Nh5 13. Rad1 f5 14. exf5 gxf5 15.
Nxf5 Qf6 16. Qe2 Nb6 17. Nxd6 Qxd6 18. Qxh5 Nxc4 19. Be4+ Kg8 20. dxe5 Qxe5 21.
Qg6 Bf5 22. Bxf5 Qxf5 23. Qxf5 Rxf5 24. Bc1 b5 25. f4 b4 26. Na4 Nb6 27. g4 Ra5
28. Nxb6 axb6 29. Rd6 Rc8 30. f5 Rxa2 31. Rg6 Kh7 32. Rd1 Rc7 33. Kg2 b3 34.
Kg3 Bxb2 35. Rxh6+ Kg7 36. Bf4 Rca7 37. Rdd6 Bc3 38. Rdg6+ Kf8 39. Bd6+ Ke8 40.
Rg8+ Kd7 41. Bb8 Be1+ 42. Kf4 Rf2+ 43. Ke3 Bd2+ 44. Kxf2 Bxh6 45. Be5 Ra2+ 46.
Kf3 b2 47. Bxb2 Rxb2 48. g5 {(=)} 1/2-1/2

[Event "SVG Marten-Bövinghausen 1 - SC Gerthe "]
[Site "Verbandsklasse - Gruppe 2 201"]
[Date "2018.09.23"]
[Round "1.1"]
[White "Quast, Marcel"]
[Black "Hellwig, Thomas"]
[Result "1-0"]
[WhiteElo "2205"]
[BlackElo "1892"]
[PlyCount "103"]
[EventDate "2018.??.??"]

1. e4 c5 2. c3 Nf6 3. e5 Nd5 4. d4 cxd4 5. Nf3 e6 6. cxd4 b6 7. Nc3 Nxc3 8.
bxc3 Qc7 9. Bd2 Bb7 10. Bd3 d6 11. O-O Be7 12. Re1 Nd7 13. Bf4 O-O-O 14. a4
dxe5 15. Nxe5 Nxe5 16. Bxe5 Bd6 17. a5 Bxe5 18. Rxe5 Rd5 19. Rxd5 Bxd5 20. c4
Bb7 21. axb6 axb6 22. c5 bxc5 23. Rc1 Qd6 24. dxc5 Qc6 25. Qg4 Rd8 26. Be2 Qe4
27. c6 Qxg4 28. cxb7+ Kxb7 29. Bxg4 Rd7 30. h4 Kb6 31. Bf3 e5 32. Rb1+ Kc5 33.
Rb7 Rxb7 34. Bxb7 Kd4 35. f3 Ke3 36. g4 g6 37. g5 Kf4 38. Kf2 Kf5 39. Kg3 Ke6
40. Ba6 f6 41. Bc4+ Kf5 42. Bd3+ Ke6 43. gxf6 Kxf6 44. h5 Kg5 45. hxg6 hxg6 46.
Be4 Kh5 47. Kf2 Kg5 48. Ke3 Kh5 49. Bc6 g5 50. Bd7 Kg6 51. Ke4 Kf6 52. Bg4 1-0

[Event "SVG Marten-Bövinghausen 1 - SC Gerthe "]
[Site "Verbandsklasse - Gruppe 2 201"]
[Date "2018.09.23"]
[Round "1.3"]
[White "Gottmann, Bernd"]
[Black "Gielisch, Eckhart"]
[Result "1-0"]
[WhiteElo "1952"]
[BlackElo "1771"]
[PlyCount "59"]
[EventDate "2018.??.??"]

1. d4 d5 2. c4 e6 3. Nc3 Nf6 4. cxd5 exd5 5. Bg5 c6 6. e3 Be7 7. Bd3 O-O 8. Nf3
Ne4 9. Bxe4 Bxg5 10. Bd3 Re8 11. Qc2 g6 12. h4 Be7 13. h5 Qd6 14. hxg6 fxg6 15.
Ne5 Kg7 16. Rxh7+ Kxh7 17. Bxg6+ Kg7 18. Bxe8 Nd7 19. Bxd7 Bxd7 20. O-O-O Rh8
21. g4 Be8 22. Ne2 Bg6 23. Qxg6+ Qxg6 24. Nxg6 Kxg6 25. f4 Rh2 26. Kd2 b6 27.
Kd3 c5 28. dxc5 bxc5 29. Rd2 Bf6 30. Nc3 1-0

[Event "SVG Marten-Bövinghausen 1 - SC Gerthe "]
[Site "Verbandsklasse - Gruppe 2 201"]
[Date "2018.09.23"]
[Round "1.4"]
[White "Boxberg, Marc"]
[Black "Berens, Thomas"]
[Result "0-1"]
[WhiteElo "1801"]
[BlackElo "1856"]
[Annotator "Daniel"]
[PlyCount "94"]
[EventDate "2018.??.??"]

1. e4 c5 2. Nf3 d6 3. d4 cxd4 4. c3 d3 5. Bxd3 Nc6 6. O-O g6 7. Be3 Bg7 8. Na3
Nf6 9. h3 O-O 10. Qd2 a6 11. c4 Nd7 12. Bh6 Qa5 13. Qxa5 Nxa5 14. Bxg7 Kxg7 15.
b4 Nc6 16. Nc2 b6 17. a3 Nde5 18. Nxe5 Nxe5 19. Be2 Bb7 20. f3 a5 21. b5 Nd7
22. Rfd1 Rac8 23. Ne3 Rc5 24. Rac1 Rfc8 25. Rd2 $11 Rxb5 26. cxb5 Rxc1+ 27. Rd1
Rxd1+ 28. Bxd1 Kf6 29. Kf2 e6 30. Bb3 Ke7 31. Ke2 f5 32. exf5 gxf5 33. Nc2 Nf6
34. Nd4 Bd5 35. Bxd5 Nxd5 36. g3 f4 37. g4 e5 38. Nf5+ Kd7 39. Kd3 Nc7 40. a4
d5 41. h4 Ne6 42. g5 Nc5+ 43. Ke2 Ke6 44. Nh6 Nxa4 45. Ng4 Nc3+ 46. Kd2 Nxb5
47. Nf6 Nd4 0-1

[Event "SVG Marten-Bövinghausen 1 - SC Gerthe "]
[Site "Verbandsklasse - Gruppe 2 201"]
[Date "2018.09.23"]
[Round "1.5"]
[White "Loeffelbein, Klaus"]
[Black "Schulte, Eduard"]
[Result "0-1"]
[WhiteElo "1847"]
[BlackElo "1740"]
[PlyCount "80"]
[EventDate "2018.??.??"]

1. d4 d5 2. c4 c6 3. Nf3 dxc4 4. e4 b5 5. a4 Bb7 6. b3 e6 7. bxc4 bxc4 8. Bxc4
Nf6 9. Nbd2 Nbd7 10. O-O Be7 11. Rb1 Rb8 12. Bd3 c5 13. dxc5 Nxc5 14. Bb5+ Kf8
15. e5 Nd5 16. Bb2 g6 17. Bd4 a6 18. Bc4 Nb6 19. Bxc5 Bxc5 20. Qe2 Nxa4 21.
Rfc1 Be7 22. Nb3 Nc5 23. Nxc5 Bxc5 24. Bxe6 Be7 25. Rxb7 Rxb7 26. Rc8 Qxc8 27.
Bxc8 Rb1+ 28. Qe1 Rxe1+ 29. Nxe1 a5 30. Bd7 Bb4 31. Nc2 Ke7 32. Ba4 Rd8 33. f4
Rd2 34. h3 f6 35. exf6+ Kxf6 36. g4 Bc5+ 37. Kh1 Rf2 38. f5 gxf5 39. gxf5 Rf4
40. Bd7 Rf1+ 0-1

[Event "SVG Marten-Bövinghausen 1 - SC Gerthe "]
[Site "Verbandsklasse - Gruppe 2 201"]
[Date "2018.09.23"]
[Round "1.6"]
[White "Gielisch, Ulrich"]
[Black "Melmer, Felix"]
[Result "0-1"]
[WhiteElo "1661"]
[BlackElo "1851"]
[PlyCount "76"]
[EventDate "2018.??.??"]

1. d4 c5 2. d5 g6 3. e4 Bg7 4. c4 d6 5. Nc3 Na6 6. f3 Nf6 7. Be3 Bd7 8. Qd2 Qb6
9. a3 Qa5 10. Bd3 Nc7 11. Nge2 a6 12. O-O b5 13. Bh6 O-O 14. Bxg7 Kxg7 15. f4
bxc4 16. Bxc4 Bb5 17. b3 Nd7 18. Rfb1 Rfb8 19. b4 Qb6 20. Nxb5 axb5 21. Ba2
cxb4+ 22. Qd4+ Qxd4+ 23. Nxd4 bxa3 24. Nc6 Re8 25. Rc1 Nc5 26. e5 N7a6 27. Rab1
Nd3 28. Rc3 Nac5 29. g3 Nb2 30. Rf1 Ne4 31. Re3 Nd2 32. Rfe1 Ndc4 33. Rb3 Nd2
34. Rc3 Nbc4 35. Kf2 f5 36. exf6+ exf6 37. Rxe8 Rxe8 38. Nd4 Ne4+ 0-1

[Event "SVG Marten-Bövinghausen 1 - SC Gerthe "]
[Site "Verbandsklasse - Gruppe 2 201"]
[Date "2018.09.23"]
[Round "1.7"]
[White "Meise, Ulrich"]
[Black "Ahlich, Mike"]
[Result "1/2-1/2"]
[WhiteElo "1817"]
[BlackElo "1721"]
[PlyCount "67"]
[EventDate "2018.??.??"]

1. e4 e6 2. d4 d5 3. exd5 exd5 4. Nf3 Nf6 5. Bd3 Bd6 6. Bg5 Bg4 7. h3 Bh5 8.
Qe2+ Qe7 9. Bxf6 Qxe2+ 10. Bxe2 gxf6 11. Nc3 c6 12. g4 Bg6 13. O-O-O Nd7 14.
Rhe1 O-O-O 15. Nh4 Nf8 16. Nf5 Bf4+ 17. Kb1 Ne6 18. Bd3 Kc7 19. Ne2 Rd7 20. c3
h5 21. Bc2 hxg4 22. hxg4 Bg5 23. Rh1 Rdd8 24. Neg3 Rde8 25. Rde1 Nf4 26. Ng7
Rxe1+ 27. Rxe1 Bxc2+ 28. Kxc2 Rh2 29. Rf1 Nh3 30. Nh1 Bh4 31. Kb3 Kd7 32. f3
Nf4 33. Nf5 Bg5 34. Nf2 1/2-1/2

[Event "SVG Marten-Bövinghausen 1 - SC Gerthe "]
[Site "Verbandsklasse - Gruppe 2 201"]
[Date "2018.09.23"]
[Round "1.8"]
[White "Borch, Roland"]
[Black "Steinke, Matthias"]
[Result "0-1"]
[WhiteElo "1542"]
[BlackElo "1787"]
[PlyCount "68"]
[EventDate "2018.??.??"]

1. Nf3 d5 2. b3 Bf5 3. Bb2 Nd7 4. e3 Ngf6 5. Nd4 Bg6 6. f4 e6 7. Be2 c5 8. Nf3
Bd6 9. Nc3 a6 10. O-O O-O 11. Nh4 d4 12. Nb1 Qc7 13. g4 Be4 14. g5 Nd5 15. c4
Ne7 16. Ng2 Bxg2 17. Kxg2 Nf5 18. e4 Nh4+ 19. Kh3 Ng6 20. e5 Be7 21. Bd3 f6 22.
gxf6 gxf6 23. Qh5 Rf7 24. Rg1 Ndf8 25. Na3 Rg7 26. Qf3 fxe5 27. fxe5 Qxe5 28.
Raf1 Bd6 29. Qe2 Nf4+ 30. Rxf4 Qxf4 31. Rxg7+ Kxg7 32. Qg2+ Kh8 33. Be4 Qh6+
34. Kg4 Nd7 0-1

[Event "SV Kamen 2 - SW Oberhausen 1"]
[Site "Verbandsklasse - Gruppe 2 201"]
[Date "2018.09.23"]
[Round "1.1"]
[White "Puetter, Pascal"]
[Black "Georg, Felix"]
[Result "1/2-1/2"]
[WhiteElo "1976"]
[BlackElo "1989"]
[PlyCount "66"]
[EventDate "2018.??.??"]

1. e4 d5 2. exd5 Qxd5 3. Nc3 Qd8 4. d4 Nf6 5. Nf3 Bg4 6. Be3 e6 7. a3 c6 8. Be2
Bd6 9. O-O Nbd7 10. h3 Bh5 11. Qd2 Bg6 12. Rfe1 O-O 13. Rad1 Nd5 14. Nxd5 cxd5
15. c3 Rb8 16. Bf4 Qc7 17. Bxd6 Qxd6 18. Bd3 b5 19. Ne5 Nxe5 20. Rxe5 a5 21.
Bxg6 hxg6 22. Rde1 Rfc8 23. h4 b4 24. axb4 axb4 25. h5 bxc3 26. bxc3 gxh5 27.
Rxh5 f6 28. Qe2 Kf7 29. Rh7 Rg8 30. Qh5+ Kf8 31. Qg4 Kf7 32. Qh5+ Kf8 33. Qg4
Kf7 1/2-1/2

[Event "SV Kamen 2 - SW Oberhausen 1"]
[Site "Verbandsklasse - Gruppe 2 201"]
[Date "2018.09.23"]
[Round "1.2"]
[White "Neumann, Carsten"]
[Black "Hortolani, Sven-Holger"]
[Result "1/2-1/2"]
[WhiteElo "2002"]
[BlackElo "2034"]
[Annotator "Daniel"]
[PlyCount "56"]
[EventDate "2018.??.??"]

1. Nf3 Nf6 2. d4 c5 3. e3 g6 4. b3 Bg7 5. Bb2 O-O 6. Be2 d6 7. O-O Nbd7 8. c4
Qc7 9. Nc3 $11 a6 10. a3 b6 11. Rc1 Bb7 12. Qc2 e5 13. d5 Ne8 14. e4 Ndf6 15.
Nh4 Qe7 16. g3 Bc8 17. Rce1 Bh3 18. Ng2 Ng4 19. Bd3 h5 20. Nd1 Rb8 21. f4 b5
22. Rf3 Nef6 23. Nh4 Nd7 24. f5 Bf6 25. fxg6 Bxh4 26. g7 Kxg7 27. gxh4 Qxh4 28.
Rg3 Kh7 1/2-1/2

[Event "SV Kamen 2 - SW Oberhausen 1"]
[Site "Verbandsklasse - Gruppe 2 201"]
[Date "2018.09.23"]
[Round "1.3"]
[White "Schwerdtfeger, Joachim"]
[Black "Koch, Marcel"]
[Result "0-1"]
[WhiteElo "1896"]
[BlackElo "1917"]
[PlyCount "126"]
[EventDate "2018.??.??"]

1. e4 d5 2. exd5 Qxd5 3. Nc3 Qa5 4. d4 Nf6 5. Bc4 Bf5 6. Bd2 c6 7. Nd5 Qd8 8.
Nxf6+ gxf6 9. Ne2 e6 10. Bb3 Nd7 11. Bf4 Bg4 12. f3 Bh5 13. Qd2 f5 14. O-O-O
Be7 15. h4 Rg8 16. Ng3 Nf6 17. Bg5 Qc7 18. Bxf6 Qxg3 19. Bxe7 Kxe7 20. Qb4+ Kf6
21. Rd2 Qf4 22. Kb1 b5 23. a3 a5 24. Qc3 a4 25. Ba2 Kg6 26. Re2 Rac8 27. Qd3
Rgd8 28. c3 Kh6 29. Qe3 Qxe3 30. Rxe3 Rg8 31. Re2 Rg3 32. c4 bxc4 33. Bxc4 Rd8
34. Rd1 Bg6 35. Rdd2 Kh5 36. Re5 Kxh4 37. Rc5 Rd6 38. Kc1 Rg5 39. Ra5 Kg3 40.
Rxa4 h5 41. Ra6 Kh2 42. g4+ Kg3 43. gxh5 Rxh5 44. f4 Kxf4 45. b4 Ke4 46. b5
Rxd4 47. Rxd4+ Kxd4 48. Rxc6 f4 49. b6 Be4 50. Rc7 Rc5 51. Rxf7 Rxc4+ 52. Kd1
e5 53. b7 Bxb7 54. Rxb7 Rc3 55. Ke2 Rxa3 56. Rb4+ Kd5 57. Rb5+ Ke4 58. Rb4+ Kf5
59. Rb5 f3+ 60. Kf2 Kf4 61. Rb4+ e4 62. Rc4 Ra2+ 63. Kf1 Kg3 0-1

[Event "SV Kamen 2 - SW Oberhausen 1"]
[Site "Verbandsklasse - Gruppe 2 201"]
[Date "2018.09.23"]
[Round "1.4"]
[White "Traunecker, Thomas"]
[Black "Kuckelkorn, Joerg"]
[Result "1/2-1/2"]
[WhiteElo "1871"]
[BlackElo "1869"]
[PlyCount "68"]
[EventDate "2018.??.??"]

1. Nf3 f5 2. b4 Nf6 3. Bb2 e6 4. a3 Be7 5. e3 d5 6. c4 c6 7. Be2 O-O 8. Qc2 Na6
9. O-O Bd7 10. d3 Nc7 11. Nbd2 a5 12. Qb3 b6 13. Ne5 Na6 14. Bc3 Be8 15. Ndf3
Qd6 16. Qb2 Rb8 17. Rfb1 Bh5 18. Qd2 a4 19. Qd1 b5 20. cxb5 cxb5 21. Rc1 Bxf3
22. gxf3 f4 23. Bd4 fxe3 24. Rc6 exf2+ 25. Kf1 Qd8 26. Rxa6 Qc8 27. Rc6 Qe8 28.
Rxe6 Qh5 29. Rxe7 Qxh2 30. Bxf2 Qh1+ 31. Bg1 Nh5 32. Rxg7+ Kxg7 33. Qd2 Nf4 34.
Bd1 Rbe8 1/2-1/2

[Event "SV Kamen 2 - SW Oberhausen 1"]
[Site "Verbandsklasse - Gruppe 2 201"]
[Date "2018.09.23"]
[Round "1.5"]
[White "Matthes, Severin Johannes"]
[Black "Spaeh, Jan Lukas"]
[Result "1-0"]
[WhiteElo "1826"]
[BlackElo "1812"]
[Annotator "Daniel"]
[PlyCount "67"]
[EventDate "2018.??.??"]

1. e4 e5 2. Nf3 Nf6 3. Nc3 d6 4. Bc4 Be7 5. d4 exd4 6. Nxd4 O-O 7. O-O c6 8.
Bf4 Nbd7 9. Nf5 Ne5 10. Nxe7+ Qxe7 11. Bb3 Be6 12. Qd4 Bxb3 13. axb3 a6 14. h3
Rad8 15. Rfd1 Ne8 16. Bxe5 c5 17. Qd5 Nc7 18. Bxd6 Nxd5 19. Bxe7 Nxe7 20. Nd5
Nc6 21. c3 Rfe8 22. Ra4 f5 23. f3 Re5 24. f4 Re6 25. e5 Kf7 26. Raa1 g5 27. g3
gxf4 $11 28. gxf4 Rg6+ 29. Kh2 Rdg8 30. Ne3 Rg3 31. Nxf5 Rg2+ 32. Kh1 Rxb2 33.
Nh6+ Kg7 34. Nxg8 1-0